Ciudades de Francia - Estadísticas

Estadísticas generales
  • Esta prueba ha sido intentada 139 veces
  • La puntuación promedio es 6 de 10
Estadísticas de respuestas
Hint Respuesta % Correcto
9. París
100%
5. Marsella
93%
4. Lyon
88%
1. Burdeos
72%
8. Niza
66%
10. Toulouse
64%
7. Nantes
59%
3. Lille
54%
2. Estrasburgo
45%
6. Montepellier
3%
No se encontraron pruebas coincidentes
Distribución de puntuación
Porcentaje de gente con cada puntuación
Porcentaje por número respondido
Historial de tus puntuaciones
No has intentado esta prueba.